• 首页
  • 本馆介绍
  • 公告通知
  • 最新文献
  • 馆藏检索
  • 电子资源
  • 读者导购
  • 参考咨询
  • 我的图书馆
  • 登录
  • 详细信息显示
  • 放入我的书架
  • 预约/预借图书
  • 作者相关作品
  • 分类相关作品
  • 丛书相关作品
  • 出版社相关作品

书目信息

  • 表格格式
  • 工作单格式
  • 卡片格式
题名:
清代北京城区房契研究
    
 
作者: 张小林 著
分册:  
出版信息: 北京   中国社会科学出版社  2000
页数: 386页
开本: 21cm
丛书名:
单 册:
中图分类: F293.35
科图分类:
主题词: 房地产--fang di chan--合同--研究--北京市--清代
电子资源:
ISBN: 7-5004-2776-X
000 00861nam0 2200253 45
001 CAL 012001215392
005 20031219104057.8
010    @a7-5004-2776-X@dCNY24.00
100    @a20010216d2000 em y0chiy0121 ea
101 0  @achi
102    @aCN@b110000
105    @ak ao 000yy
106    @ar
200 1  @a清代北京城区房契研究@Aqing dai bei jing cheng qu fang qi yan jiu@f张小林著
210    @a北京@c中国社会科学出版社@d2000
215    @a386页@d21cm
300    @a中国社会科学院出版基金资助
320    @a有书目
330    @a本书内容包括七个部分:明清之际京城房契的变化;房契官文书;从京城房契看保甲制变迁;旗人房契;旗房执照;铺面房房契;房契中的“银主”。
606 0  @a房地产@Afang di chan@x合同@x研究@y北京市@z清代
690    @aF293.35@v4
701  0 @a张小林@Azhang xiao lin@4著
801    @aCN@bTSTC@c20020929
905    @b314706@dF293.35@e113@f1
    
    清代北京城区房契研究/张小林著.-北京:中国社会科学出版社,2000
    386页;21cm
    中国社会科学院出版基金资助
    
    ISBN 7-5004-2776-X:CNY24.00
    本书内容包括七个部分:明清之际京城房契的变化;房契官文书;从京城房契看保甲制变迁;旗人房契;旗房执照;铺面房房契;房契中的“银主”。
●
相关链接 在E读中查询图书 在五车中查询图书 在当当中查询图书 在豆瓣中查询图书


正题名:清代北京城区房契研究     索取号:F293.35/113         预约/预借

序号 登录号 条形码 馆藏地/架位号 状态 备注
1 0314706   203147068   第一借阅区/ [索取号:F293.35/113] 在馆    
唐山师范学院图书馆 欢迎您!
大连网信软件有限公司© 版权所有